000 00421nam a2200181Ia 4500
001 1028
005 20260306140601.0
008 260306t2009||||xx |||||||||||||| ||spa||
041 _aESP
082 _a180
_bB88
100 _aBueno Matos, Joan Manel
_eAUT
245 0 _aHistoria de la filosofía
260 _c2009
300 _a329 páginas :
_c29 cm.
650 _aGEN
654 _aCHU
942 _cLIB
_dJUS
_fJUS
_2ddc
_n
999 _c1028
_d1028